A cretan statuette in the Fitzwilliam Museum. A study in Minoan costume

Sparad:
Bibliografiska uppgifter
Huvudupphovsman: Wace, A. J. B (Författare, medförfattare)
Materialtyp: Bok
Språk:engelska
Publicerad: Cambridge University Press 1927
Upplaga:1a. ed
Ämnen:
Taggar: Lägg till en tagg
Inga taggar, Lägg till första taggen!

MARC

LEADER 00000nam a2200000 a 4500
001 UCJ6635
003 CL-VaPUC
008 070124e19270000uk |||||||||||||||||eng|d
082 0 4 |a 901  |b WAC  |2 21 
100 0 |a Wace, A. J. B  |e author  |9 513630 
245 1 2 |a A cretan statuette in the Fitzwilliam Museum. A study in Minoan costume 
250 |a 1a. ed 
300 |a 49 p 
942 |c BK 
945 |d 20070124 00:00:00  |a rinostro 
260 |a Cambridge  |b University Press  |c 1927 
500 |a Front.: Reproducción, escala 1:1, de la estatuilla objeto del estudio. Ilustraciones conforme a lo señalado en índice 
650 0 |a Arqueología   |9 265619 
650 7 |a CIVILIZACION MINOICA  |2 CL-VaPUC  |9 389588 
650 0 |a Cultura  |9 269059 
650 7 |a EDAD DE BRONCE  |2 CL-VaPUC  |9 513631 
650 0 |a Ilustraciones  |9 369481 
650 7 |a MARCA TIPOGRAFICA  |2 CL-VaPUC  |9 506100 
651 7 |a CRETA  |2 CL-VaPUC  |9 266769 
583 |a last modification  |c 20171220 06:31:07  |k Rodrigo Vera 
999 |c 322737  |d 322735 
952 |0 0  |1 0  |4 0  |6 901_000000000000000_WAC_1927  |7 0  |8 X  |9 401800  |a FDOBUD  |b FDOBUD  |d 2019-11-22  |i 1050575  |o 901 WAC 1927  |p 1050575  |r 2019-11-22  |w 2019-11-22  |y BK_X  |k BUD